Danh mục các văn bản quy phạm pháp luật đã bãi bỏ

Gồm các văn bản của Quốc hội, Chính phủ, các quyết định của các Bộ, ngành và danh mục các văn bản qui phạm phạm pháp luật đã bãi bỏ.

Đã lưu trong:
书目详细资料
格式: 图书
语言:Undetermined
出版: Hà Nội Chính trị Quốc gia 2000
主题:
Law
标签: 添加标签
没有标签, 成为第一个标记此记录!
Thư viện lưu trữ: Trung tâm Học liệu Trường Đại học Cần Thơ
LEADER 00788nam a2200217Ia 4500
001 CTU_42094
008 210402s9999 xx 000 0 und d
020 |c 76000 
082 |a 340.09597 
082 |b D107/2000 
245 0 |a Danh mục các văn bản quy phạm pháp luật đã bãi bỏ 
260 |a Hà Nội 
260 |b Chính trị Quốc gia 
260 |c 2000 
520 |a Gồm các văn bản của Quốc hội, Chính phủ, các quyết định của các Bộ, ngành và danh mục các văn bản qui phạm phạm pháp luật đã bãi bỏ. 
526 |a Luật đất đai 
526 |b KL327 
650 |a Law 
650 |x History 
650 |z Vietnam 
980 |a Trung tâm Học liệu Trường Đại học Cần Thơ